00398 2200157 4500001002100000005001500021035002000036245004600056100001800102300002700120260003700147082000800184084001400192020002200206990001200228INLIS00000000000185420250515083846 a0010-05250001461 aPembelajaran Bola Voli /cDwi Yulia Nur.M0 aDwi Yulia Nur a86 hlm ;c14,5 x 20 cm aPelembang :bBening Media,c2020 a700 a700 DWI p a978-623-93073-1-8 a0754826